| 000 | 01167nam a22002897a 4500 | ||
|---|---|---|---|
| 999 |
_c111676 _d111676 |
||
| 003 | dpl | ||
| 005 | 20181210160052.0 | ||
| 008 | 181210b ||||| |||| 00| 0 eng d | ||
| 010 | _aA-663702 | ||
| 020 |
_c200.00 _a8185727139 |
||
| 035 | _aA-663702 | ||
| 035 | _aB-78458 | ||
| 037 | _bCen Lib/Ret | ||
| 040 |
_aDPL _bHN _cdpl |
||
| 082 |
_a796 _bनेगीज |
||
| 100 |
_aनेगी, जगमोहन _9210 |
||
| 245 |
_aविश्व साहसिक पर्यटन एवं खेल / _cजगमोहन नेगी |
||
| 246 |
_aVishv sahsik paryetan ewam khel _bby Jagmohan Negi |
||
| 260 |
_bतक्षशिला प्रकाशन _aनई दिल्ली _c1994 |
||
| 270 |
_a23/4762, अंसारी रोड, दरियागंज _bनई दिल्ली _e110002 |
||
| 300 |
_a264पृ. : _c20सेमी (सजिल्द) _bचित्र |
||
| 650 |
_aपर्यटन -- खेल _91301 |
||
| 650 |
_aखेल के प्रकार _944048 |
||
| 650 |
_aTourism -- Sports _944049 |
||
| 650 |
_aTypes of games _944050 |
||
| 942 |
_2ddc _cHN _h796 _mनेगीज |
||